| 000 | 00584nam a2200193Ia 4500 | ||
|---|---|---|---|
| 008 | 151121s9999||||xx |||||||||||||| ||und|| | ||
| 082 | _a818/डोळे | ||
| 082 | _bHNW-69393 | ||
| 100 | _aडोळे ना।य। | ||
| 245 | _aप्राचार्य | ||
| 260 | _b"साके त प्रकाशन, औरंगाबाद।" | ||
| 260 | _c-- | ||
| 300 | _a128 | ||
| 600 | _aडोळे ना।य। | ||
| 630 | _aप्राचार्य | ||
| 700 | _aडोळे ना।य। | ||
| 730 | _aप्राचार्य | ||
| 942 | _cBOOK | ||
| 999 |
_c1250880 _d1250877 |
||